000 00226 a2200097 4500
001 16819
100 _aClarke M J
245 _aEnglish Studies Series 2
260 _aLondon
_bOxford University Press
_c
090 _c12682
_d12682
942 _aNUST-CAE
_cM
_c2983
999 _c251892
_d251892